<?xml version="1.0" encoding="UTF-8"?>
<record
    xmlns:xsi="http://www.w3.org/2001/XMLSchema-instance"
    xsi:schemaLocation="http://www.loc.gov/MARC21/slim http://www.loc.gov/standards/marcxml/schema/MARC21slim.xsd"
    xmlns="http://www.loc.gov/MARC21/slim">

  <leader>01711    a2200241   4500</leader>
  <controlfield tag="001">38426</controlfield>
  <controlfield tag="005">20260407155647.0</controlfield>
  <controlfield tag="008">260407a1980    arg                 spa d</controlfield>
  <controlfield tag="003">AR-UNSa-BCEJYS</controlfield>
  <datafield tag="040" ind1=" " ind2=" ">
    <subfield code="a">AR-UNSa-BCEJYS</subfield>
    <subfield code="b">spa</subfield>
    <subfield code="c">AR-UNSa-BCEJYS</subfield>
  </datafield>
  <datafield tag="080" ind1=" " ind2=" ">
    <subfield code="a">341.222</subfield>
    <subfield code="x">Fronteras, l&#xED;mites nacionales. Fronteras naturales. Fronteras artificiales. Fronteras hist&#xF3;ricas. Fronteras estrat&#xE9;gicas</subfield>
  </datafield>
  <datafield tag="245" ind1="1" ind2="0">
    <subfield code="a">El conflicto pendiente</subfield>
  </datafield>
  <datafield tag="264" ind1=" " ind2="1">
    <subfield code="a">Buenos Aires :</subfield>
    <subfield code="b">EUDEBA (Editorial Universitaria de Buenos Aires)</subfield>
    <subfield code="c">1980</subfield>
  </datafield>
  <datafield tag="300" ind1=" " ind2=" ">
    <subfield code="a">2v. (207; 295 p.)</subfield>
    <subfield code="c">22 cm.</subfield>
  </datafield>
  <datafield tag="505" ind1=" " ind2=" ">
    <subfield code="a">Vol. I: 1. De Magallanes a la Patagonia - 2. De la Patagonia a Magallanes - 3. Entre la ambici&#xF3;n y el miedo - 4. La fe chilena - 5. 1896-1898 - 6. Obertura del nuevo siglo - 7. Los pactos de mayo - 8. El d&#xED;a siguiente del Laudo - 9. El pasado en miniatura - 10. Transpol&#xED;tica y cispol&#xED;tica -- Vol. II: 1. Cabo de Hornos y el t&#xED;tulo de su dominio - 2. Los incidentes hasta 1876 - 3. Las negociaciones hasta 1881 - 4. Interpretaci&#xF3;n del tratado 1881-1893 - 5. Los actos de jurisdicci&#xF3;n - 6. Tentativas de arreglo (1904-1955) - 7. La Atlantartida - 8. Los protocolos de 1960 y sus antecedentes - 9. Preparativos para un arbitraje (1961-1967) - 10. La f&#xF3;rmula argentina - 11. El compromiso de 1971 y sus antecedentes - 12. Las secuelas del arbitraje - 13. El Laudo, su anulaci&#xF3;n y la nueva pol&#xED;tica - 14. Conclusiones</subfield>
  </datafield>
  <datafield tag="041" ind1=" " ind2=" ">
    <subfield code="a">spa</subfield>
  </datafield>
  <datafield tag="942" ind1=" " ind2=" ">
    <subfield code="c">BK</subfield>
  </datafield>
  <datafield tag="590" ind1=" " ind2=" ">
    <subfield code="a">niveau_biblio:m niveau_hierar:0</subfield>
  </datafield>
  <datafield tag="100" ind1="1" ind2=" ">
    <subfield code="a">Paz, Ricardo Alberto</subfield>
  </datafield>
  <datafield tag="650" ind1=" " ind2=" ">
    <subfield code="a">CANAL DE BEAGLE
CABO DE HORNOS</subfield>
  </datafield>
  <datafield tag="856" ind1="4" ind2="1">
    <subfield code="u">https://biblioeco.unsa.edu.ar/pmb/images/libros/L125654.jpg</subfield>
    <subfield code="y">Imagen de portada</subfield>
    <subfield code="q">image/jpeg</subfield>
  </datafield>
  <datafield tag="650" ind1=" " ind2=" ">
    <subfield code="a"> canal beagle cabo hornos </subfield>
  </datafield>
  <datafield tag="999" ind1=" " ind2=" ">
    <subfield code="c">2886</subfield>
    <subfield code="d">2886</subfield>
  </datafield>
  <datafield tag="952" ind1=" " ind2=" ">
    <subfield code="0">0</subfield>
    <subfield code="1">0</subfield>
    <subfield code="4">0</subfield>
    <subfield code="7">0</subfield>
    <subfield code="a">BCEJYS</subfield>
    <subfield code="b">BCEJYS</subfield>
    <subfield code="c">16</subfield>
    <subfield code="d">2026-04-07</subfield>
    <subfield code="l">0</subfield>
    <subfield code="o">341.222 P348 v.1</subfield>
    <subfield code="p">L125654</subfield>
    <subfield code="r">2026-04-07 15:56:47</subfield>
    <subfield code="w">2026-04-07</subfield>
    <subfield code="y">L</subfield>
  </datafield>
  <datafield tag="952" ind1=" " ind2=" ">
    <subfield code="0">0</subfield>
    <subfield code="1">0</subfield>
    <subfield code="4">0</subfield>
    <subfield code="7">0</subfield>
    <subfield code="a">BCEJYS</subfield>
    <subfield code="b">BCEJYS</subfield>
    <subfield code="c">16</subfield>
    <subfield code="d">2026-04-07</subfield>
    <subfield code="l">0</subfield>
    <subfield code="o">341.222 P348 v.2</subfield>
    <subfield code="p">L125653</subfield>
    <subfield code="r">2026-04-07 15:56:47</subfield>
    <subfield code="w">2026-04-07</subfield>
    <subfield code="y">L</subfield>
  </datafield>
</record>
